Loading...
| Current Events | 1 | 20.00 | 100% | 100% | 0% |
| Fine Arts - Auditory Fine Arts | 3 | 13.33 | 100% | 33% | 0% |
| Fine Arts - Other Fine Arts | 2 | 15.00 | 100% | 50% | 0% |
| Fine Arts - Visual Fine Arts | 2 | 15.00 | 100% | 50% | 0% |
| Geography | 1 | 0.00 | 0% | 0% | 0% |
| History - European History | 1 | 20.00 | 100% | 100% | 0% |
| History - Other History | 1 | 20.00 | 100% | 100% | 0% |
| History - World History | 1 | 20.00 | 100% | 100% | 0% |
| Literature - American Literature | 3 | 16.67 | 100% | 33% | 33% |
| Literature - British Literature | 1 | 20.00 | 100% | 100% | 0% |
| Literature - European Literature | 2 | 10.00 | 100% | 0% | 0% |
| Literature - World Literature | 3 | 16.67 | 100% | 33% | 33% |
| Mythology | 2 | 15.00 | 100% | 50% | 0% |
| Other Academic | 2 | 20.00 | 100% | 100% | 0% |
| Philosophy | 2 | 30.00 | 100% | 100% | 100% |
| Religion | 2 | 15.00 | 100% | 50% | 0% |
| Science - Biology | 2 | 10.00 | 100% | 0% | 0% |
| Science - Chemistry | 1 | 10.00 | 100% | 0% | 0% |
| Science - Other Science | 2 | 5.00 | 50% | 0% | 0% |
| Science - Physics | 3 | 10.00 | 100% | 0% | 0% |
| Social Science | 2 | 10.00 | 100% | 0% | 0% |